Applied heat for engineers (Record no. 11872)

000 -LEADER
fixed length control field 00401nam a22001577a 4500
008 - FIXED-LENGTH DATA ELEMENTS--GENERAL INFORMATION
fixed length control field 210113b ||||| |||| 00| 0 eng d
082 00 - DEWEY DECIMAL CLASSIFICATION NUMBER
Classification number 621.4021
Item number S6713
100 ## - MAIN ENTRY--PERSONAL NAME
9 (RLIN) 70
Personal name Sneeden, J.B.O.
245 10 - TITLE STATEMENT
Title Applied heat for engineers
250 ## - EDITION STATEMENT
Edition statement 3rd ed.
260 ## - PUBLICATION, DISTRIBUTION, ETC. (IMPRINT)
Place of publication, distribution, etc London
Name of publisher, distributor, etc Blackie
Date of publication, distribution, etc 1961
300 ## - PHYSICAL DESCRIPTION
Extent xiv,380 p.
365 ## - TRADE PRICE
Unit of pricing 18.75
650 #0 - SUBJECT ADDED ENTRY--TOPICAL TERM
Topical term or geographic name as entry element Thermodynamics
942 ## - ADDED ENTRY ELEMENTS (KOHA)
Item type Books
Holdings
Withdrawn status Lost status Source of classification or shelving scheme Damaged status Not for loan Permanent location Current location Date acquired Source of acquisition Full call number Barcode Date last seen Koha item type
          IMU Kolkata IMU Kolkata 1968-02-15 Das Gupta & Co 621.4021 S6713 03199 2021-01-13 Books
Designed and Maintained by IMU-KC Library, Kolkata Campus © Copyright All Rights Reserved

webs counters

Powered by Koha